Macmillan phrasal verbs plus. (Record no. 13071)

MARC details
000 -LEADER
fixed length control field 00794cam a22002535a 4500
003 - CONTROL NUMBER IDENTIFIER
control field EG-ScBUE
005 - DATE AND TIME OF LATEST TRANSACTION
control field 20220509100501.0
008 - FIXED-LENGTH DATA ELEMENTS--GENERAL INFORMATION
fixed length control field 091221s2005 enka f d 000 0 eng d
020 ## - INTERNATIONAL STANDARD BOOK NUMBER
International Standard Book Number 9781405063906
020 ## - INTERNATIONAL STANDARD BOOK NUMBER
International Standard Book Number 1405063904
040 ## - CATALOGING SOURCE
Original cataloging agency EG-ScBUE
Language of cataloging eng
Description conventions rda
Transcribing agency EG-ScBUE
Modifying agency EG-ScBUE
082 04 - DEWEY DECIMAL CLASSIFICATION NUMBER
Classification number 423.1
Item number MAC
Edition number 22
245 1# - TITLE STATEMENT
Title Macmillan phrasal verbs plus.
264 #1 - PUBLICATION, DISTRIBUTION, ETC. (IMPRINT)
Place of publication, distribution, etc Oxford :
Name of publisher, distributor, etc Macmillan Education,
Date of publication, distribution, etc 2005.
300 ## - PHYSICAL DESCRIPTION
Extent xii, 522 pages :
Other physical details illustrations (some color) ;
Dimensions 20 cm
336 ## - CONTENT TYPE
Source rdacontent
Content type term text
Content type code txt
337 ## - MEDIA TYPE
Source rdamedia
Media type term unmediated
Media type code n
338 ## - CARRIER TYPE
Source rdacarrier
Carrier type term volume
Carrier type code nc
650 #7 - SUBJECT ADDED ENTRY--TOPICAL TERM
Topical term following geographic name as entry element English language
General subdivision Verb phrase
Form subdivision Dictionaries.
Source of heading or term BUEsh
9 (RLIN) 10068
651 ## - SUBJECT ADDED ENTRY--GEOGRAPHIC NAME
Source of heading or term BUEsh
653 ## - INDEX TERM--UNCONTROLLED
Resource For college Humanities: English
Arrived date list August2018
655 ## - INDEX TERM--GENRE/FORM
Form subdivision Reading book
9 (RLIN) 34232
942 ## - ADDED ENTRY ELEMENTS (KOHA)
Source of classification or shelving scheme Dewey Decimal Classification
Koha item type Reference (NB)
Holdings
Withdrawn status Lost status Source of classification or shelving scheme Damaged status Not for loan Collection code Home library Current library Shelving location Date acquired Source of acquisition Total Checkouts Full call number Barcode Date last seen Koha item type
    Dewey Decimal Classification     Donation-Gift Central Library Central Library Second Floor 21/12/2009 Donation   423.1 MAC 000019337 15/07/2025 Reference (NB)